Soft Skills: Tools for Success / (Record no. 201397)
[ view plain ]
| 000 -LEADER | |
|---|---|
| fixed length control field | 00538nam a22001817a 4500 |
| 005 - DATE AND TIME OF LATEST TRANSACTION | |
| control field | 20240704155102.0 |
| 010 ## - LCCN (DPL NO) | |
| LC control number | ENG-140791 |
| 020 ## - INTERNATIONAL STANDARD BOOK NUMBER | |
| International Standard Book Number | 9789380930473 |
| Terms of availability | 995.00 |
| 035 ## - SYSTEM CONTROL NUMBER | |
| System control number | EN-124323 |
| 037 ## - SOURCE OF ACQUISITION | |
| Source of stock number/acquisition | DBAD |
| 082 ## - DEWEY DECIMAL CLASSIFICATION NUMBER | |
| Classification number | 658.31125 |
| 100 ## - MAIN ENTRY--PERSONAL NAME | |
| Personal name | Gupta,Rajat |
| 245 ## - TITLE STATEMENT | |
| Title | Soft Skills: Tools for Success / |
| Statement of responsibility, etc | by Rajat Gupta |
| 260 ## - PUBLICATION, DISTRIBUTION, ETC. (IMPRINT) | |
| Place of publication, distribution, etc | Jaipur |
| Name of publisher, distributor, etc | Yking Books |
| Date of publication, distribution, etc | 2012 |
| 270 ## - ADDRESS | |
| Address | G-13, S.S. Tower Dhamani Street, Choura Rasta, |
| City | Jaipur |
| Postal code | 302003 |
| 300 ## - PHYSICAL DESCRIPTION | |
| Extent | 296p. |
| Dimensions | 22cm(Hb) |
| 942 ## - ADDED ENTRY ELEMENTS (KOHA) | |
| Source of classification or shelving scheme | Dewey Decimal Classification |
| Item type | English Books |
| Classification part | 658.31125 |
| Call number suffix | GUP |
| Withdrawn status | Lost status | Not for loan | Collection code | Home library | Current library | Date acquired | Source of acquisition | Cost, normal purchase price | Full call number | Barcode | Copy number | Cost, replacement price | Koha item type |
|---|---|---|---|---|---|---|---|---|---|---|---|---|---|
| Not For Loan | Non-fiction | Central Jail Tihar | Central Jail Tihar | 12/03/2024 | DBAD | 995.00 | 658.31125 GUP | EN-124323 | 1 | 995.00 | English Books |
